| Tag |
First Indicator |
Second Indicator |
Subfields |
| LEADER |
00000cam a2200000 i 4500 |
| 001 |
in00000069499 |
| 005 |
20151008053404.0 |
| 008 |
800819s1980 nyuaf c 00010 eng |
| 010 |
|
|
|a 80051612
|
| 020 |
|
|
|a 0894801279 :
|c $17.95
|
| 020 |
|
|
|a 0894801260 (pbk.) :
|c $8.95
|
| 035 |
|
|
|a (OCoLC)06709194
|
| 035 |
|
|
|9 AAH7276AM
|
| 040 |
|
|
|a DLC
|c DLC
|d m.c.
|d TXA
|d UtOrBLW
|
| 049 |
|
|
|a TXAS
|c 2 [A08608817]
|a TXAM
|c 1 [800296]
|
| 050 |
0 |
0 |
|a N6537.D45
|b A4 1980
|
| 082 |
0 |
|
|a 809.3/876
|2 19
|
| 100 |
1 |
|
|a DiFate, Vincent.
|
| 240 |
1 |
0 |
|a Catalog of science fiction hardware
|
| 245 |
1 |
0 |
|a DiFate's catalog of science fiction hardware /
|c by Vincent DiFate and Ian Summers ; illustrated by Vincent DiFate ; written with Beth Meacham ; diagrams by Gregory Elkin and David Harper ; art directed and designed by Sally Bass and Ian Summers.
|
| 264 |
|
1 |
|a New York :
|b Workman Pub.,
|c 1980.
|
| 300 |
|
|
|a 135 pages 11 unnumbered leaves of plates :
|b illustrations (some color) ;
|c 26 cm.
|
| 336 |
|
|
|a text
|b txt
|2 rdacontent
|
| 337 |
|
|
|a unmediated
|b n
|2 rdamedia
|
| 338 |
|
|
|a volume
|b nc
|2 rdacarrier
|
| 600 |
1 |
0 |
|a DiFate, Vincent
|x Catalogs.
|
| 650 |
|
0 |
|a Science fiction
|v Illustrations
|x Catalogs.
|
| 700 |
1 |
|
|a Summers, Ian.
|
| 740 |
0 |
|
|a Catalog of science fiction hardware.
|
| 999 |
|
|
|a MARS
|
| 999 |
f |
f |
|s 2f4b7a83-6db5-3891-9daa-5df9c94d2ad1
|i a3394c54-dedd-30ed-98e5-1ce3d4ce8f98
|t 0
|
| 952 |
f |
f |
|p noncirc
|a Texas A&M University
|b College Station
|c Cushing Memorial Library & Archives
|d Cushing: Science Fiction (Does not check out)
|t 0
|e N6537.D45 A4 1980
|h Library of Congress classification
|i unmediated -- volume
|m A14808608817
|
| 952 |
f |
f |
|p normal
|a Texas A&M University
|b College Station
|c Sterling C. Evans Library
|d Evans: Library Stacks
|t 0
|e N6537.D45 A4 1980
|h Library of Congress classification
|i unmediated -- volume
|m A14806166398
|
| 998 |
f |
f |
|a N6537.D45 A4 1980
|t 0
|l Evans: Library Stacks
|
| 998 |
f |
f |
|a N6537.D45 A4 1980
|t 0
|l Cushing: Science Fiction (Does not check out)
|